Months in Order Quiz Stats

 Plays Quiz not verified by Sporcle

Challenge
Share
Tweet
Embed
Score 0/12 Timer 01:00
0 Plays Today
Month % Correct
???
100%
???
100%
???
90.9%
???
81.8%
???
78.8%
???
75.8%
???
72.7%
???
63.6%
???
63.6%
???
54.5%
???
45.5%
???
33.3%

You're not logged in!

Compare scores with friends on all Sporcle quizzes.
OR
Log In

You Might Also Like...

Show Comments

Extras

Created Feb 2, 2011ReportNominate
Tags:alphabetical, month, order

Top Quizzes Today


Score Distribution

Your Account Isn't Verified!

In order to create a playlist on Sporcle, you need to verify the email address you used during registration. Go to your Sporcle Settings to finish the process.

Report this User

Report this user for behavior that violates our Community Guidelines.

Details: